[Event "Mechanics' Fall TNM; G/2"]
[Site "San Francisco"]
[Date "2016.11.01"]
[Round "3.27"]
[White "Starr, Albert Mart"]
[Black "Andries, W Craig"]
[Result "0-1"]
[WhiteElo "1511"]
[BlackElo "1877"]
[PlyCount "118"]
[EventDate "2016.??.??"]

1. b4 e6 2. Bb2 Nf6 3. b5 c5 4. c4 d5 5. e3 Be7 6. Be2 O-O 7. d3 a6 8. a4 axb5
9. axb5 Rxa1 10. Bxa1 dxc4 11. dxc4 Qa5+ 12. Bc3 Qa2 13. Nf3 Ne4 14. O-O Rd8
15. Bd2 Bf6 16. Re1 Nd7 17. Qc1 Nb6 18. Nc3 Nxc3 19. Bxc3 Bxc3 20. Qxc3 f6 21.
Bf1 Qa8 22. h3 Qb8 23. Ra1 Qc7 24. Nd2 e5 25. Nb3 Be6 26. Be2 e4 27. Ra7 Bc8
28. Na5 Qb8 29. Nc6 bxc6 30. Qa5 Rd7 31. Rxd7 Bxd7 32. bxc6 Bxc6 33. Qxc5 Qc7
34. Qd4 Nd7 35. Bg4 Kf7 36. Bf5 Qb7 37. c5 g6 38. Bg4 Bd5 39. Be2 Qc6 40. Bb5
Qe6 41. Qa4 Ne5 42. Qa7+ Qe7 43. Qb6 Nd7 44. Bxd7 Qxd7 45. Qb8 Kg7 46. g4 g5
47. Kg2 Bb7 48. Qa7 h5 49. gxh5 Bc8 50. Qxd7+ Bxd7 51. Kg3 Kh6 52. f4 Kxh5 53.
fxg5 fxg5 54. h4 gxh4+ 55. Kf4 h3 56. Kg3 Kg5 57. c6 Bc8 58. c7 Kf6 59. Kf2 Ke5
0-1

[Event "Mechanics' Winter TNM; G/2"]
[Site "San Francisco"]
[Date "2016.01.26"]
[Round "4.17"]
[White "Starr, Albert Mart"]
[Black "Babayan, Gagik"]
[Result "0-1"]
[WhiteElo "1623"]
[BlackElo "1833"]
[PlyCount "58"]
[EventDate "2016.??.??"]

1. b4 e6 2. Bb2 Nf6 3. b5 d5 4. e3 c5 5. c4 b6 6. Nf3 Nbd7 7. d3 Bb7 8. Be2 Be7
9. O-O O-O 10. Nbd2 Qc7 11. a4 a5 12. Ra3 Rad8 13. Qa1 Bd6 14. g3 e5 15. cxd5
Bxd5 16. Nc4 Bxf3 17. Bxf3 Rfe8 18. Nxd6 Qxd6 19. Bc6 Re7 20. f4 Ng4 21. d4
exd4 22. exd4 cxd4 23. Bxd4 Qh6 24. Ra2 Nc5 25. Rf3 Qe6 26. Bc3 f6 27. Bd4 Nb3
28. Rxb3 Qxb3 29. Bxb6 Rd1+ 0-1

[Event "Mechanics' Fall TNM; G/2"]
[Site "San Francisco"]
[Date "2016.12.13"]
[Round "9.36"]
[White "Starr, Albert Mart"]
[Black "Bayaraa, Bilguun"]
[Result "1-0"]
[WhiteElo "1511"]
[BlackElo "1127"]
[Annotator "Donaldson"]
[PlyCount "109"]
[EventDate "2016.??.??"]

1. b4 e5 2. Bb2 Nc6 $2 (2... Bxb4 3. Bxe5 Nf6 4. Nf3 O-O) (2... d6) 3. b5 Nd4
4. e3 Nf5 5. Bxe5 d6 6. Bb2 Nf6 7. Bxf6 Qxf6 8. d4 Be7 9. Nd2 O-O 10. Ngf3 c6
11. bxc6 bxc6 12. Bd3 d5 13. Bxf5 Qxf5 (13... Bxf5) 14. O-O Bb4 (14... Ba6) 15.
Rb1 Bc3 16. Rb3 Ba5 17. c4 dxc4 (17... Be6) 18. Nxc4 Be6 19. Nxa5 Qxa5 20. Rb7
Qxa2 21. Ne5 Qa6 22. Rc7 Bd5 23. Qc2 Rac8 24. Rxc8 Rxc8 25. Rc1 Qb5 (25... f6)
26. h3 f6 27. Nc4 Bxc4 28. Qxc4+ Qxc4 29. Rxc4 a5 30. Ra4 Ra8 31. Kf1 Kf7 32.
Ke2 Ke7 33. Kd3 Kd7 (33... Kd6 34. Kc4 h5 $11) 34. Kc4 Kd6 35. e4 Re8 (35... h5
) 36. f3 Ra8 37. h4 h5 38. f4 Kc7 (38... g6) 39. Kc5 g6 40. Ra3 Ra6 41. Rg3 a4
42. Ra3 (42. Rxg6 a3) 42... Ra5+ 43. Kb4 {Diagram [#]} Kb6 (43... Rb5+ $1 44.
Kxa4 Rb2) 44. Rxa4 Rb5+ 45. Kc4 Rb2 46. Rb4+ Rxb4+ 47. Kxb4 Kc7 48. Kc5 Kd7 49.
d5 cxd5 50. Kxd5 Ke7 51. Kc6 Ke6 52. Kc7 f5 53. e5 Ke7 54. Kc6 Ke6 55. g3 1-0

[Event "Mechanics' Alan Benson TNM; G/2"]
[Site "San Francisco"]
[Date "2016.08.16"]
[Round "3.25"]
[White "Starr, Albert Mart"]
[Black "Boldi, Ethan Vaugh"]
[Result "0-1"]
[WhiteElo "1518"]
[BlackElo "1814"]
[PlyCount "94"]
[EventDate "2016.??.??"]

1. b4 Nf6 2. Bb2 e6 3. b5 d5 4. e3 Be7 5. Nf3 c6 6. c4 Nbd7 7. d3 Qb6 8. a4 a6
9. a5 Qc7 10. b6 Qd8 11. Be2 Bd6 12. g3 e5 13. Nbd2 e4 14. dxe4 dxe4 15. Ng5
Qe7 16. h4 h6 17. Nh3 Ne5 18. Qc2 Bf5 19. Nf4 Rd8 20. O-O g5 21. Nh5 Nxh5 22.
Bxh5 Rg8 23. Bxe5 Bxe5 24. Rad1 gxh4 25. Nxe4 Rxd1 26. Rxd1 hxg3 27. Nd6+ Bxd6
28. Qxf5 gxf2+ 29. Kxf2 Qh4+ 30. Ke2 Qxc4+ 31. Kf2 Qa2+ 32. Be2 Ke7 33. Qe4+
Qe6 34. Qxe6+ Kxe6 35. Rh1 Rg6 36. Rh5 Bb4 37. e4 Kd6 38. e5+ Kd7 39. Bd3 Rg7
40. Rxh6 Bxa5 41. Bc4 Bxb6+ 42. Ke2 Ke7 43. Kd3 Bc5 44. Kc3 b5 45. Ba2 a5 46.
Rh1 a4 47. Rc1 Ba3 0-1

[Event "Mechanics' Alan Benson TNM; G/2"]
[Site "San Francisco"]
[Date "2016.08.23"]
[Round "4.30"]
[White "Starr, Albert Mart"]
[Black "Gaffagan, Steven"]
[Result "0-1"]
[WhiteElo "1518"]
[BlackElo "2096"]
[Annotator "Donaldson"]
[PlyCount "64"]
[EventDate "2016.??.??"]

1. b4 c6 2. c4 (2. e3 Qb6 $6 3. a3 a5 4. b5 cxb5 5. Nc3 b4 (5... Nf6) 6. axb4
Qxb4 $2 (6... Nf6) 7. Ba3 {gives White terrific compensation for the pawn.}) (
2. Bb2 $6 a5 3. a3 axb4 (3... Qb6 4. c4 $1 axb4 5. c5 Qc7 6. axb4 Rxa1 7. Bxa1
$14) 4. axb4 Rxa1 5. Bxa1 Qb6 6. c3 d5 7. Nf3 Bf5 8. e3 e6 9. Be2 $4 Qa7 10.
Bb2 Qa2 $19 {is a nice trap to remember.}) 2... d5 3. e3 Nf6 4. Bb2 Bf5 (4...
e5 $5 5. Bxe5 Bxb4) 5. Nf3 e6 6. b5 $2 (6. a3) 6... Bd6 7. Ne5 $2 O-O 8. Be2 a6
(8... Bxe5 9. Bxe5 dxc4 10. Bxc4 cxb5 11. Bxb5 Qd5 12. Bxf6 Qxg2 13. Rf1 gxf6
14. Nc3 Bg6 $17) 9. a4 axb5 10. axb5 Rxa1 11. Bxa1 Nbd7 12. d4 $2 (12. f4)
12... Bxb1 13. Qxb1 Qa5+ 14. Kf1 Ne4 (14... Bxe5 15. dxe5 Ne4) 15. Nf3 Ra8 16.
Bb2 Ba3 17. g3 Nd2+ $2 (17... Qb4 $19) 18. Nxd2 Qxd2 19. Bxa3 Rxa3 20. Qd1 $2 (
20. bxc6 bxc6 21. cxd5 cxd5 22. Qd1 $15) 20... Qa5 (20... Qxd1+ 21. Bxd1 dxc4)
21. Kg2 dxc4 22. bxc6 bxc6 23. Bxc4 $11 g6 24. Qb1 Nb6 25. Bd3 Nd7 26. Rc1 Nf6
27. Rc5 $4 {Diagram [#]} Qd2 $1 28. Bc4 Ng4 29. Qb8+ Kg7 30. Qf4 Nxe3+ 31. Kh3
Nxc4 32. Rxc4 Qxf4 0-1

[Event "Mechanics' Alan Benson TNM; G/2"]
[Site "San Francisco"]
[Date "2016.09.06"]
[Round "6.30"]
[White "Starr, Albert Mart"]
[Black "Morgan, Jerry Dugl"]
[Result "0-1"]
[WhiteElo "1518"]
[BlackElo "1568"]
[Annotator "Winslow,Elliott"]
[PlyCount "132"]
[EventDate "2016.??.??"]

1. b4 d5 2. e3 Nf6 3. Bb2 Bg4 4. Be2 Bxe2 5. Nxe2 e6 6. b5 Be7 7. Bxf6 Bxf6 8.
d4 c5 9. O-O O-O 10. a4 Nd7 11. Ra2 Qc7 12. g3 Nb6 13. Nd2 a5 14. dxc5 Nd7 15.
Nb3 Nxc5 16. Qc1 Ne4 17. f3 Nc3 18. Nxc3 Bxc3 19. Nd4 Qc4 20. Nb3 Rac8 21. Qd1
Rfd8 22. Qd3 b6 23. Rd1 g6 24. Ra3 Bb2 25. Ra2 Bc3 26. Qxc4 Rxc4 27. e4 d4 28.
Nc1 e5 29. Nd3 f6 30. Nf2 Kf7 31. Rd3 Rdc8 32. Nd1 Bb4 33. c3 Bxc3 34. Nxc3
Rxc3 35. Rxc3 Rxc3 36. Kf2 Ke6 37. Ke2 Kd6 38. f4 Re3+ 39. Kd2 Rxe4 40. Rc2 Re3
41. Rc6+ Kd5 42. Rxb6 Ra3 43. Rxf6 Ra2+ 44. Kd1 Rxa4 (44... e4) 45. fxe5 Kxe5
46. Rf7 Rb4 47. Rxh7 Ke4 48. Rf7 Rxb5 49. h4 Kd3 50. Rf3+ Kc4 51. Rf6 Kc3 52.
Rc6+ Kd3 53. Kc1 a4 54. Rxg6 a3 55. Ra6 Rb3 56. g4 Ke4 57. Ra4 Ke3 58. Ra8 d3
59. Re8+ Kf3 60. g5 a2 61. Rf8+ Kg4 62. Ra8 Rb1+ 63. Kd2 a1=Q 64. Rxa1 Rxa1 65.
g6 Kxh4 66. g7 Rg1 0-1

[Event "Mechanics' Alan Benson TNM; G/2"]
[Site "San Francisco"]
[Date "2016.09.20"]
[Round "8.30"]
[White "Starr, Albert Mart"]
[Black "Newey, Richard"]
[Result "1-0"]
[WhiteElo "1518"]
[BlackElo "1773"]
[PlyCount "77"]
[EventDate "2016.??.??"]

1. b4 e5 2. Bb2 d6 3. e3 Nf6 4. d3 Be7 5. Nf3 Bg4 6. Be2 Nbd7 7. O-O c6 8. c4
Qc7 9. g3 Bh3 10. Re1 h6 11. Bf1 Bg4 12. Bg2 d5 13. Qb3 O-O 14. Nbd2 Bd6 15. a4
Be6 16. a5 b5 17. Qc3 bxc4 18. dxc4 Rab8 19. c5 Be7 20. Nxe5 Qxe5 21. Qxe5 Nxe5
22. Bxe5 Rxb4 23. Bd4 Nd7 24. Rec1 Rfb8 25. Bf1 Bf6 26. Nf3 Bg4 27. Bxf6 gxf6
28. Nd4 Ne5 29. Kg2 Bd7 30. a6 Rb2 31. h3 R8b4 32. Rc2 Rb1 33. Rxb1 Rxb1 34. f4
Ng6 35. Bd3 Ra1 36. Rb2 Bc8 37. Rb8 Ne7 38. Nxc6 Ra2+ 39. Kf3 1-0

[Event "Mechanics' Winter TNM; G/2"]
[Site "San Francisco"]
[Date "2016.01.12"]
[Round "2.38"]
[White "Starr, Albert Mart"]
[Black "Otterbach, Renate"]
[Result "1-0"]
[WhiteElo "1623"]
[BlackElo "1153"]
[PlyCount "43"]
[EventDate "2016.??.??"]

1. b4 e6 2. Bb2 Nf6 3. b5 c6 4. c4 Qb6 5. e3 d6 6. d4 Bd7 7. a4 a5 8. Nf3 d5 9.
c5 Qd8 10. b6 Na6 11. Ne5 Ne4 12. Nxd7 Qxd7 13. Be2 Be7 14. O-O Bf6 15. Nd2
Naxc5 16. Qc2 Nxd2 17. Qxd2 Nb3 18. Qc3 Nxa1 19. Rxa1 c5 $4 20. Bb5 cxd4 21.
Bxd7+ Kxd7 22. Qc7+ 1-0

[Event "Mechanics' Winter TNM; G/2"]
[Site "San Francisco"]
[Date "2016.02.23"]
[Round "8.34"]
[White "Starr, Albert Mart"]
[Black "Tan, Jacky T"]
[Result "0-1"]
[WhiteElo "1623"]
[BlackElo "1327"]
[PlyCount "58"]
[EventDate "2016.??.??"]

1. b4 e5 2. Bb2 Bxb4 3. Bxe5 Nf6 4. c4 Nc6 5. Bc3 O-O 6. e3 d5 7. Bxb4 Nxb4 8.
a3 Nc6 9. cxd5 Nxd5 10. Bc4 Qf6 11. d4 Nb6 12. Nd2 Be6 13. Qe2 Qg5 14. f4 Qh4+
15. g3 Qe7 16. Ngf3 Bxc4 17. Nxc4 Nxc4 18. Qxc4 Qxe3+ 19. Qe2 Qc3+ 20. Kf2 Nxd4
21. Nxd4 Qxd4+ 22. Kg2 Rfe8 23. Qb5 Qd2+ 24. Kh3 Re6 25. Rhd1 Rh6+ 26. Kg4 Qxh2
27. f5 Rb6 28. Qe5 h5+ 29. Kf4 Qf2+ 0-1

[Event "Mechanics' Fall TNM; G/2"]
[Site "San Francisco"]
[Date "2016.10.18"]
[Round "1.18"]
[White "Starr, Albert Mart"]
[Black "Uzzaman, Ashik"]
[Result "0-1"]
[WhiteElo "1511"]
[BlackElo "1979"]
[PlyCount "84"]
[EventDate "2016.??.??"]

1. b4 e6 2. Bb2 Nf6 3. b5 d5 4. e3 a6 5. a4 axb5 6. axb5 Rxa1 7. Bxa1 c5 8. c4
Be7 9. Be2 O-O 10. d3 d4 11. exd4 cxd4 12. Nf3 Bc5 13. O-O Re8 14. Nbd2 e5 15.
Nb3 Bf8 16. Re1 b6 17. Bf1 Nbd7 18. Bb2 Bb7 19. g3 Qa8 20. Bg2 Nc5 21. Nxc5
Bxc5 22. Nh4 Bxg2 23. Nxg2 Nd7 24. Qa1 Qf3 25. Qd1 Qb7 26. Nf4 Nf6 27. Nh5 Nxh5
28. Qxh5 e4 29. Qg4 h5 30. Qxh5 e3 31. fxe3 dxe3 32. d4 Bb4 33. Re2 Qe4 34. Qh4
Qd3 35. Qg4 Qxc4 36. Qd7 Re7 37. Qg4 Bd2 38. Kf1 Ra7 39. Qe4 Qxb5 40. d5 Qb3
41. Qe8+ Kh7 42. d6 Qd1+ 0-1

[Event "Mechanics' Summer TNM; G/2"]
[Site "San Francisco"]
[Date "2016.07.05"]
[Round "7.34"]
[White "Starr, Albert Martin"]
[Black "Batzel, Grant"]
[Result "1-0"]
[WhiteElo "1517"]
[BlackElo "1261"]
[Annotator "Donaldson"]
[PlyCount "91"]
[EventDate "2016.??.??"]

1. b4 Nf6 2. Bb2 e6 3. b5 d5 4. e3 Be7 5. Be2 b6 6. Nf3 Nbd7 7. O-O Bb7 8. d3
O-O 9. Nbd2 Rc8 10. c4 c6 11. a4 Qc7 12. g3 cxb5 13. cxb5 Qc2 14. Bd4 Qxd1 15.
Rfxd1 Rc7 16. a5 Rfc8 17. a6 Ba8 18. Bf1 h6 19. Bg2 Bc5 20. Nb3 Bxd4 21. Nfxd4
Nc5 22. Rac1 Nxb3 23. Nxb3 Rxc1 24. Rxc1 Rxc1+ 25. Nxc1 Ne8 26. d4 Kf8 27. Na2
Nd6 28. Bf1 Ke7 29. Nb4 f6 30. Kg2 e5 31. f3 exd4 32. exd4 Nf5 33. Nc2 Nd6 34.
Kf2 Ke6 35. Ke1 Kd7 36. Ne3 Ke6 37. Kf2 Ke7 38. Ke1 Ke6 39. Kd2 Ke7 40. Kc3 Ke6
41. Kb4 Nf5 $4 (41... Ke7 42. Bd3 $16) 42. Bh3 (42. Nxf5 Kxf5 43. Bh3+ Kg6 44.
Bc8 {with Bb7 to follow was even faster.}) 42... g6 43. Nxf5 gxf5 {Diagram [#]}
44. f4 $1 {Zugzwang} Ke7 45. Bxf5 Kd6 46. g4 1-0

[Event "Mechanics' Summer TNM; G/2"]
[Site "San Francisco"]
[Date "2016.06.07"]
[Round "3.43"]
[White "Starr, Albert Martin"]
[Black "Nelson, Carl"]
[Result "0-1"]
[WhiteElo "1517"]
[BlackElo "1188"]
[Annotator "Donaldson"]
[PlyCount "26"]
[EventDate "2016.??.??"]

1. b4 e5 2. Bb2 Bxb4 3. Bxe5 Nf6 4. c4 Nc6 5. Bc3 d5 6. e3 Bf5 7. a3 Be7 8. d4
Ne4 9. c5 Bh4 10. g3 Bg5 11. Bd3 Qe7 12. Ne2 {Diagram [#]} Nxf2 $1 13. Bxf5 (
13. Kxf2 Qxe3+) 13... Nxd1 0-1

[Event "Mechanics' Summer TNM; G/2"]
[Site "San Francisco"]
[Date "2016.07.05"]
[Round "7.1"]
[White "Stearman, Josiah"]
[Black "Lee, Andy"]
[Result "1-0"]
[WhiteElo "2231"]
[BlackElo "2390"]
[Annotator "Donaldson"]
[PlyCount "115"]
[EventDate "2016.??.??"]

1. e4 e5 2. Nf3 Nc6 3. Bc4 Nf6 4. Ng5 d5 5. exd5 Na5 6. Bb5+ c6 7. dxc6 bxc6 8.
Qf3 Be7 9. Bxc6+ Nxc6 10. Qxc6+ Bd7 11. Qc4 O-O 12. Nc3 Bf5 13. d3 Rb8 14. a3
Nd7 15. Nf3 Be6 16. Qe4 f5 17. Qe2 Bf6 18. O-O Re8 19. Qe3 Qa5 20. Bd2 Qc7 21.
b4 Bf7 22. Rac1 Rbd8 23. Nb5 Qc6 24. c4 a6 25. Nc3 Nf8 26. Rfe1 h6 27. b5 axb5
28. cxb5 Qd6 29. b6 Qxd3 30. Qxd3 Rxd3 31. Na4 e4 32. Nc5 Rxa3 33. b7 g5 34.
Bb4 Ra7 35. Nd2 Be7 36. Rb1 Bd5 37. Bc3 Bd6 38. Rb6 Bb8 39. g4 $1 Ra3 (39...
fxg4 40. Ndxe4 Bxe4 41. Nxe4 Re6 42. Nf6+ Kf7 43. Rexe6 Nxe6 44. Nxg4 $18) 40.
Bb4 Rh3 41. gxf5 Bxh2+ 42. Kg2 Rh4 43. Ndxe4 Bc7 44. f3 Rh2+ (44... Bxb6 45.
Nf6+) 45. Kg1 Bxe4 46. Rxe4 Rd8 47. b8=Q Rxb8 (47... Bxb8 48. Rxb8 Rxb8 49.
Kxh2 $18) 48. Rxb8 Bxb8 49. Re8 Bd6 50. Ne6 $4 {
This allows Black the possibility to trade knights. Correct was} (50. Ne4 Bxb4
51. Kxh2 Kf7 52. Rb8 $18) 50... Bxb4 51. Kxh2 Kf7 52. Ra8 {Diagram [#]} Bd6+ $4
{Neither player had much time here. The text looks like a natural move, but
allows the white king to come up the board and stop ...g4.} (52... Nxe6 53.
fxe6+ Kxe6 54. Rh8 (54. Kg3 h5 55. Rh8 Bd6+ 56. Kh3 g4+ $11) 54... Kf5 55. Rxh6
(55. Kh3 Kf4 $11) 55... g4 $11) 53. Kh3 Nxe6 54. fxe6+ Kxe6 55. Kg4 Kf7 56. Kf5
Bf8 57. Ra7+ (57. Ra7+ Be7 58. Kg4 Ke6 59. Ra6+ Bd6 60. Kh5 Ke7 61. Kxh6 Bf4
62. Kg6 {followed by a timely Rxg5.}) 57... Be7 58. Kg4 1-0

[Event "Mechanics' Fall TNM; G/2"]
[Site "San Francisco"]
[Date "2016.12.06"]
[Round "8.1"]
[White "Stearman, Josiah P"]
[Black "Bayaraa, Chinguun"]
[Result "0-1"]
[WhiteElo "2298"]
[BlackElo "2086"]
[Annotator "Donaldson"]
[PlyCount "88"]
[EventDate "2016.??.??"]

1. e4 c5 2. Nc3 d6 3. g3 g6 4. Bg2 Bg7 5. d3 e6 6. Be3 Ne7 (6... Nc6 7. Nge2
Nd4) 7. Qd2 (7. Nge2 Nbc6 8. d4) 7... Nbc6 8. Bh6 O-O 9. h4 Bxh6 10. Qxh6 f6
11. Qd2 (11. h5 g5 12. f4 Kh8 13. fxg5 Ng8) 11... e5 (11... h5) 12. h5 g5 13.
h6 Ng6 14. Nge2 g4 15. f4 gxf3 16. Bxf3 Be6 17. Nd5 Bxd5 18. exd5 Nd4 19. Bh5
Qe7 20. c3 Nxe2 21. Qxe2 f5 22. Bxg6 hxg6 23. O-O-O (23. h7+ Kh8) 23... Kh7 24.
Kb1 Rae8 25. g4 f4 26. Rh3 e4 27. Kc2 e3 28. Qf3 g5 29. Rh5 Qf6 30. Re1 Qg6 31.
c4 b5 32. b3 b4 33. Re2 Qf6 34. Kb1 Rg8 35. Rh1 Rg6 36. Reh2 a5 37. Rc2 Qd4 38.
Qd1 Rf6 39. Rh3 f3 40. Rxf3 Qxg4 41. Rf1 e2 42. Rxe2 Rxe2 43. Rxf6 Rb2+ 44.
Kxb2 Qxd1 0-1

[Event "Mechanics' Spring TNM; G/2"]
[Site "San Francisco"]
[Date "2016.04.05"]
[Round "4.7"]
[White "Stearman, Josiah P"]
[Black "Bayaraa, Chinguun"]
[Result "1-0"]
[WhiteElo "2196"]
[BlackElo "1919"]
[PlyCount "99"]
[EventDate "2016.??.??"]

1. e4 c5 2. Nc3 d6 3. g3 Nc6 4. Bg2 e6 5. d3 Nge7 6. Be3 a6 7. Nge2 Qc7 8. O-O
b5 9. Qd2 Bb7 10. d4 cxd4 11. Nxd4 Nxd4 12. Bxd4 Nc6 13. Be3 Be7 14. f4 O-O 15.
Qf2 Nb8 16. f5 Nd7 17. Bd4 e5 18. Be3 Nf6 19. h3 Qc4 20. Bg5 b4 21. Bxf6 Bxf6
22. Na4 Qb5 23. Nb6 Rab8 24. a4 bxa3 25. Rxa3 Bxe4 26. Bxe4 Qxb6 27. Qxb6 Rxb6
28. b3 Rc8 29. Rfa1 Rb4 30. Ra4 a5 31. Kf1 g6 32. g4 Rc5 33. fxg6 hxg6 34. Rxb4
axb4 35. Ra6 Be7 36. Ra7 Kf8 37. Ra8+ Kg7 38. Re8 Bf6 39. Bd3 Rc3 40. Ke2 Bg5
41. Kf3 Bf4 42. Ke4 Kf6 43. Kd5 Kg5 44. Rh8 Bg3 45. Rf8 Kf6 46. Ke4 Ke7 47. Rb8
Rc5 48. Kf3 Bf4 49. Rxb4 d5 50. c4 {
In this delicately balanced position Black lost on time.} 1-0

[Event "Mechanics' Winter TNM; G/2"]
[Site "San Francisco"]
[Date "2016.02.02"]
[Round "5.3"]
[White "Stearman, Josiah P"]
[Black "Campers Jr, Willie"]
[Result "1-0"]
[WhiteElo "2203"]
[BlackElo "1669"]
[PlyCount "39"]
[EventDate "2016.??.??"]

1. e4 e6 2. d3 c5 3. Nc3 Nc6 4. g3 a6 5. Bg2 Nf6 6. Nh3 e5 7. f4 d6 8. f5 g6 9.
O-O Be7 10. g4 Bd7 11. g5 Nh5 12. Bf3 Nf4 13. Nxf4 exf4 14. f6 Bxf6 15. gxf6
Qxf6 16. Nd5 Qg5+ 17. Kh1 O-O-O 18. Bxf4 Qh4 19. Bxd6 Bh3 20. Nb6# 1-0

[Event "Mechanics' Spring TNM; G/2"]
[Site "San Francisco"]
[Date "2016.03.15"]
[Round "1.6"]
[White "Stearman, Josiah P"]
[Black "Casares Jr, Nick"]
[Result "1-0"]
[WhiteElo "2202"]
[BlackElo "1604"]
[Annotator "Donaldson"]
[PlyCount "61"]
[EventDate "2016.??.??"]

1. e4 e5 2. Nf3 Nc6 3. Bc4 Nf6 4. Ng5 d5 5. exd5 Na5 6. Bb5+ c6 7. dxc6 bxc6 8.
Be2 h6 9. Nf3 e4 10. Ne5 Qd4 11. f4 Bc5 12. Rf1 {Diagram [#]} O-O $4 (12... Qd8
13. c3 Nd5) 13. c3 Qd6 14. b4 Bxb4 15. cxb4 Qxb4 16. Ba3 Qd4 17. Bxf8 Qxa1 18.
Bb4 Rb8 19. a3 c5 20. Bc3 Qa2 21. Kf2 Nb3 22. Bc4 e3+ 23. Kg1 Be6 24. Bxe6 fxe6
25. dxe3 Ne4 26. Qg4 Nbd2 27. Nxd2 Nxc3 28. Ndc4 Ne2+ 29. Kh1 Rb1 30. Qxe6+ Kh7
31. Qg6+ 1-0

[Event "Mechanics' Alan Benson TNM; G/2"]
[Site "San Francisco"]
[Date "2016.08.23"]
[Round "4.1"]
[White "Stearman, Josiah P"]
[Black "Doyle, Bryon"]
[Result "1/2-1/2"]
[WhiteElo "2315"]
[BlackElo "2209"]
[PlyCount "104"]
[EventDate "2016.??.??"]

1. e4 e5 2. Nf3 Nf6 3. Nxe5 d6 4. Nc4 Nxe4 5. Nc3 Nxc3 6. bxc3 g6 7. d4 Bg7 8.
Qe2+ Qe7 9. Bf4 Nc6 10. Ne3 O-O 11. h4 Qe4 12. Bg3 Re8 13. Qd3 Bf5 14. Be2 Qxd3
15. cxd3 Bd7 16. Kd2 b5 17. a3 a5 18. Nd5 b4 19. axb4 axb4 20. Nxb4 Nxb4 21.
cxb4 Bxd4 22. Rxa8 Rxa8 23. Rc1 Ra2+ 24. Rc2 Rxc2+ 25. Kxc2 Ba4+ 26. Kd2 Kg7
27. f3 Kf6 28. Bf4 Ke6 29. Bh2 Kd5 30. f4 Kc6 31. Bf3+ Kb5 32. Bd5 f6 33. g4 h6
34. g5 fxg5 35. hxg5 hxg5 36. fxg5 Kxb4 37. Bf7 Bd7 38. Bxg6 Bg4 39. Be8 Kc5
40. g6 Kd5 41. Bf4 Ke6 42. Bg5 Bg7 43. Ke3 Kf5 44. Bd8 Bh5 45. Bc6 Kxg6 46.
Be8+ Kh6 47. Bxh5 Kxh5 48. Bxc7 Kg6 49. Ke4 Kf7 50. Kd5 Bb2 51. Bxd6 Bc3 52.
Be5 Bb4 {and drawn shortly.} 1/2-1/2

[Event "Mechanics' Winter TNM; G/2"]
[Site "San Francisco"]
[Date "2016.02.23"]
[Round "8.4"]
[White "Stearman, Josiah P"]
[Black "Doyle, Bryon"]
[Result "1-0"]
[WhiteElo "2203"]
[BlackElo "2203"]
[PlyCount "79"]
[EventDate "2016.??.??"]

1. e4 e5 2. Nf3 Nc6 3. Bc4 Nf6 4. Ng5 d5 5. exd5 Na5 6. Bb5+ c6 7. dxc6 bxc6 8.
Be2 h6 9. Nf3 e4 10. Ne5 Bc5 11. c3 Qc7 12. d4 exd3 13. Nxd3 Bd6 14. b4 Nb7 15.
Na3 Be6 16. Nc2 O-O 17. h3 Rad8 18. Nd4 Bxb4 19. cxb4 Rxd4 20. Bb2 Rd7 21. Bxf6
gxf6 22. Qc1 Bf5 23. Nf4 Rfd8 24. Nh5 Qe5 25. O-O Rd2 26. Re1 Bg6 27. Ng3 Qd6
28. Qc3 c5 29. b5 Qd4 30. Qf3 Na5 31. Nf1 Qb2 32. Nxd2 Rxd2 33. Rad1 Qxa2 34.
Ra1 Rxe2 35. Qxe2 Qxe2 36. Rxe2 Nb3 37. Rxa7 c4 38. Rc7 Nd4 39. Re8+ Kg7 40. b6
1-0

[Event "Mechanics' Alan Benson TNM; G/2"]
[Site "San Francisco"]
[Date "2016.08.09"]
[Round "2.2"]
[White "Stearman, Josiah P"]
[Black "Drane, Robert W"]
[Result "1-0"]
[WhiteElo "2315"]
[BlackElo "1953"]
[PlyCount "81"]
[EventDate "2016.??.??"]

1. e4 Nf6 2. e5 Nd5 3. d4 d6 4. Bc4 Nb6 5. Bb3 d5 6. Qf3 e6 7. Ne2 c5 8. c3 Bd7
9. a4 Nc6 10. Be3 cxd4 11. cxd4 Na5 12. Bc2 Rc8 13. Nbc3 Bb4 14. O-O O-O 15.
Qh3 g6 16. Bh6 Re8 17. f4 Be7 18. g4 f6 19. f5 exf5 20. gxf5 fxe5 21. Qg3 Bh4
22. Qg2 g5 23. f6 Kf7 24. Bf5 Rc6 25. Qg4 Rxf6 26. Qh5+ Ke7 27. dxe5 Rxf5 28.
Rxf5 Bxf5 29. Bxg5+ Bxg5 30. Qxg5+ Kd7 31. Qxf5+ Kc7 32. Nb5+ Kb8 33. e6 Re7
34. Qf4+ Ka8 35. Rf1 Qg8+ 36. Kh1 Qxe6 37. Ned4 Qd7 38. Qf8+ Nc8 39. Nd6 Qxd6
40. Qxc8+ Qb8 41. Rf8 1-0

[Event "Mechanics' Fall TNM; G/2"]
[Site "San Francisco"]
[Date "2016.11.22"]
[Round "6.1"]
[White "Stearman, Josiah P"]
[Black "Gaffagan, Steven"]
[Result "1-0"]
[WhiteElo "2298"]
[BlackElo "2096"]
[PlyCount "69"]
[EventDate "2016.??.??"]

1. e4 c5 2. Nc3 Nc6 3. g3 g6 4. Bg2 Bg7 5. d3 d6 6. Be3 e6 7. Qd2 Rb8 8. f4
Nge7 9. Nge2 Nd4 10. O-O O-O 11. Nd1 b5 12. c3 Nxe2+ 13. Qxe2 a5 14. Nf2 b4 15.
c4 Qc7 16. h4 Nc6 17. Nh3 Nd4 18. Bxd4 Bxd4+ 19. Kh2 Bd7 20. h5 f5 21. g4 Rbe8
22. Bf3 Re7 23. Rae1 Ree8 24. Qg2 Kh8 25. hxg6 hxg6 26. gxf5 gxf5 27. Ng5 Bc8
28. Qh3+ Kg8 29. exf5 Rxf5 {Diagram [#]} 30. Qxf5 $1 exf5 31. Rxe8+ Kg7 32. Bd5
Kh6 33. Kg3 Kg6 34. Rh1 Bg7 35. Rhe1 1-0

[Event "Mechanics' Summer TNM; G/2"]
[Site "San Francisco"]
[Date "2016.06.14"]
[Round "4.5"]
[White "Stearman, Josiah P"]
[Black "Gaffagan, Steven"]
[Result "1-0"]
[WhiteElo "2231"]
[BlackElo "2073"]
[PlyCount "89"]
[EventDate "2016.??.??"]

1. e4 c5 2. Nc3 d6 3. g3 Nc6 4. Bg2 g6 5. d3 Bg7 6. Be3 e6 7. Qd2 Rb8 8. Nge2
Nd4 9. Nc1 b5 10. Nd1 b4 11. O-O Ne7 12. f4 O-O 13. Re1 a5 14. Nf2 a4 15. c3 a3
16. Bxd4 axb2 17. Qxb2 cxd4 18. cxb4 e5 19. Ne2 Kh8 20. Rac1 f5 21. Qb3 g5 22.
Nh3 fxe4 23. Nxg5 exd3 24. Qxd3 Bf5 25. Be4 h6 26. Bxf5 hxg5 27. Be6 Rf6 28. f5
Qb6 29. g4 d5 30. Kg2 Rxe6 31. fxe6 Qxe6 32. Qh3+ Kg8 33. Nxd4 Qa6 34. Nf3 Ng6
35. Kh1 Nf4 36. Qf1 Qxa2 37. Nxe5 d4 38. Qc4+ Qxc4 39. Rxc4 d3 40. Nf3 Rb5 41.
Nxg5 Rxg5 42. Rxf4 Rd5 43. Kg2 Bc3 44. Rd1 d2 45. Kf2 1-0

[Event "Mechanics' Spring TNM; G/2"]
[Site "San Francisco"]
[Date "2016.05.03"]
[Round "8.3"]
[White "Stearman, Josiah P"]
[Black "Gaffagan, Steven"]
[Result "1-0"]
[WhiteElo "2196"]
[BlackElo "2066"]
[PlyCount "93"]
[EventDate "2016.??.??"]

1. e4 e6 2. d3 d5 3. Qe2 dxe4 4. dxe4 e5 5. Nf3 Nc6 6. c3 Nf6 7. Qc2 Bc5 8. Bg5
h6 9. Bh4 Qe7 10. Bb5 Bd7 11. Nbd2 a6 12. Ba4 b5 13. Bb3 g5 14. Bg3 Kf8 15. Bd5
Bd6 16. a4 Kg7 17. O-O Nh5 18. Qd3 Rab8 19. axb5 axb5 20. Rfd1 Nf4 21. Bxf4
gxf4 22. g3 Qf6 23. Nh4 Ne7 24. Ndf3 Nxd5 25. Qxd5 Rhd8 26. Qd2 Bc5 27. gxf4
Qxf4 28. Qxf4 exf4 29. Nd4 Bxd4 30. cxd4 Be6 31. d5 Bg4 32. f3 Bh3 33. Kf2 Kf6
34. Rdc1 Rd7 35. Rc6+ Kg7 36. Rg1+ Kh7 37. Rf6 Ra8 38. Rxf4 Re7 39. Rg3 Bd7 40.
Ke3 Ra2 41. Rg2 Ra4 42. Rc2 Bh3 43. Rf6 Rb4 44. Rfc6 Kg7 45. Kf4 Ra4 46. Nf5+
Bxf5 47. Kxf5 1-0